000 00621nam a22002297a 4500
003 UA-OsUOA
001 39312
007 ta
008 20060614b un ||||| |||| 00| 0 ukr d
090 _a(038)=161.2=161.1
_bУ45
942 _cBK
040 _aUA-OsUOA
_bukr
_cUA-OsUOA
_dUA-OsUOA
245 _aУкраїнсько-російський словник
_cУклад.: Г.П. Їжакевич та інші
300 _a1008 с.
955 _a2
041 _aukr
080 _a(038)=161.2=161.1
020 _a966-00-0220-3
260 _aК.
_bНаукова думка
_c2004
650 7 _2UDC
999 _c325456
_d325456